<?xml version="1.0" encoding="UTF-8"?>
<record
    xmlns:xsi="http://www.w3.org/2001/XMLSchema-instance"
    xsi:schemaLocation="http://www.loc.gov/MARC21/slim http://www.loc.gov/standards/marcxml/schema/MARC21slim.xsd"
    xmlns="http://www.loc.gov/MARC21/slim">

  <leader>02518nam a22002897a 4500</leader>
  <controlfield tag="005">20240305165613.0</controlfield>
  <controlfield tag="007">cr||||   |||| </controlfield>
  <controlfield tag="008">210823s2021    es |||||s|||| 00||0 spa d</controlfield>
  <datafield tag="020" ind1=" " ind2=" ">
    <subfield code="a">978-84-1377-337-7</subfield>
  </datafield>
  <datafield tag="035" ind1=" " ind2=" ">
    <subfield code="a">33541</subfield>
  </datafield>
  <datafield tag="040" ind1=" " ind2=" ">
    <subfield code="a">vLex</subfield>
  </datafield>
  <datafield tag="090" ind1=" " ind2=" ">
    <subfield code="c">12114</subfield>
    <subfield code="d">12114</subfield>
  </datafield>
  <datafield tag="100" ind1="1" ind2=" ">
    <subfield code="a">L&#xF3;pez Espadafor, Carlos Mar&#xED;a</subfield>
  </datafield>
  <datafield tag="245" ind1="1" ind2="0">
    <subfield code="a"> Impuestos y registro de la propiedad</subfield>
    <subfield code="h">[Recurso electr&#xF3;nico] /</subfield>
    <subfield code="c">Carlos Mar&#xED;a L&#xF3;pez Espadafor, Mar&#xED;a Del Rosario Jim&#xE9;nez Rubio</subfield>
  </datafield>
  <datafield tag="256" ind1=" " ind2=" ">
    <subfield code="a">Servicio en l&#xED;nea</subfield>
  </datafield>
  <datafield tag="260" ind1=" " ind2=" ">
    <subfield code="a">Madrid:</subfield>
    <subfield code="b">Dykinson,</subfield>
    <subfield code="c">2021</subfield>
  </datafield>
  <datafield tag="300" ind1=" " ind2=" ">
    <subfield code="a">1 recurso electr&#xF3;nico</subfield>
  </datafield>
  <datafield tag="500" ind1=" " ind2=" ">
    <subfield code="a">&#x85;Nada garantiza mejor una adecuada gesti&#xF3;n de estos impuestos que la actuaci&#xF3;n de los registradores al frente de las oficinas liquidadoras, actuando con la imparcialidad propia de su funci&#xF3;n y bajo los estrictos criterios t&#xE9;cnicos e instrucciones dictadas por la administraci&#xF3;n tributaria a la que sirven y en la cual se integran, sin ning&#xFA;n condicionamiento o inter&#xE9;s previo ni de parte &#x85;Los experimentos de protagonismo pol&#xED;tico desarrollados en algunas Comunidades Aut&#xF3;nomas, carentes de unas l&#xED;neas dogm&#xE1;ticas y de buena t&#xE9;cnica normativa, rompiendo con unos esquemas jur&#xED;dicos consolidados, alej&#xE1;ndose de un sistema que se ha demostrado durante d&#xE9;cadas como el modelo de gesti&#xF3;n y liquidaci&#xF3;n tributaria m&#xE1;s eficiente, no s&#xF3;lo ha provocado un desorden en dicha gesti&#xF3;n ante el contribuyente, sino tambi&#xE9;n una p&#xE9;rdida de recaudaci&#xF3;n, con un incremento adicional de costes de gesti&#xF3;n administrativa y liquidaci&#xF3;n tributaria. En unos tiempos como los que estamos viviendo, de una crisis econ&#xF3;mica de evoluci&#xF3;n m&#xE1;s que incierta por la situaci&#xF3;n global tan particular que travesamos, se impone una necesaria vuelta a la cordura de los legisladores auton&#xF3;micos, recuperando el sistema tradicional de las OLDH, ajust&#xE1;ndose as&#xED;, al mismo tiempo, de una forma m&#xE1;s fiel, a los mandatos constitucionales&#x85;</subfield>
  </datafield>
  <datafield tag="506" ind1="1" ind2=" ">
    <subfield code="a">Disponible solo en los productos indicados</subfield>
    <subfield code="d">vLex Global</subfield>
    <subfield code="d">vLex Global (Academic Edition, excluding Law Schools)</subfield>
    <subfield code="d">vLex Global (U.S. Academic Edition, Law Schools)</subfield>
    <subfield code="d">vLex Global (U.S. Academic Edition, excluding Law Schools)</subfield>
    <subfield code="d">vLex Global (Academic Edition, Law Schools)</subfield>
  </datafield>
  <datafield tag="650" ind1="0" ind2="4">
    <subfield code="a">Obligaciones y Contratos</subfield>
    <subfield code="z">Espa&#xF1;a</subfield>
  </datafield>
  <datafield tag="650" ind1="0" ind2="4">
    <subfield code="a">Derecho Tributario</subfield>
    <subfield code="z">Espa&#xF1;a</subfield>
  </datafield>
  <datafield tag="650" ind1="0" ind2="4">
    <subfield code="a">Financiero</subfield>
    <subfield code="z">Espa&#xF1;a</subfield>
  </datafield>
  <datafield tag="700" ind1="1" ind2=" ">
    <subfield code="a">Jim&#xE9;nez Rubio, Mar&#xED;a Del Rosario</subfield>
  </datafield>
  <datafield tag="740" ind1="0" ind2=" ">
    <subfield code="a">vLex Libros (Servicio en l&#xED;nea)</subfield>
  </datafield>
  <datafield tag="856" ind1="4" ind2="0">
    <subfield code="u">https://app.vlex.com/#/sources/33541</subfield>
  </datafield>
  <datafield tag="942" ind1=" " ind2=" ">
    <subfield code="c">RAA</subfield>
  </datafield>
  <datafield tag="952" ind1=" " ind2=" ">
    <subfield code="0">0</subfield>
    <subfield code="1">0</subfield>
    <subfield code="4">0</subfield>
    <subfield code="7">0</subfield>
    <subfield code="8">VLEX</subfield>
    <subfield code="9">328299</subfield>
    <subfield code="a">BD-UIN</subfield>
    <subfield code="b">BD-UIN</subfield>
    <subfield code="d">2024-03-05</subfield>
    <subfield code="l">0</subfield>
    <subfield code="p">33541</subfield>
    <subfield code="r">2024-03-05</subfield>
    <subfield code="w">2024-03-05</subfield>
    <subfield code="y">RAA</subfield>
  </datafield>
  <datafield tag="999" ind1=" " ind2=" ">
    <subfield code="c">170350</subfield>
    <subfield code="d">170350</subfield>
  </datafield>
</record>
